000 01019nam a22002297a 4500
005 20250829184554.0
008 240816b ||||| |||| 00| 0 eng d
082 _aDPer 155.205 J826 July-September 2020 v. 119 n. 1-3
100 _aAlgoe, Sara B.
_eauthor.
_957962
245 _aA new perspective on the social functions of emotions :
_bgratitude and the witnessing effect /
_cSara B. Algoe, Patrick C. Dwyer, Ayana Younge, and Cristopher Oveis.
260 _aWashington ;
_bAmerican Psychological Association ,
_cJuly 2020.
300 _aVolume 119, pages 40-74 :
_billustration ;
_c27 cm.
500 _aJournal of Personality and Social Psychology , vol. 119, no. 1, pages 40-74, July 2020.
650 _aSocial psychology.
_960649
650 _aEmotions.
_960650
650 _aGratitude.
_918797
700 _aAlgoe, Sara B.
_eauthor.
_957962
700 _aDwyer, Patrick C.
_eauthor.
_957963
700 _aYounge, Ayana.
_eauthor.
_957964
700 _aOveis, Cristopher.
_eauthor.
_957965
942 _2ddc
_cPER
999 _c20525
_d20525